Normal view
MARC view
Entry Topical Term
001 - CONTROL NUMBER
- control field: 36736
003 - CONTROL NUMBER IDENTIFIER
- control field: OSt
005 - DATE AND TIME OF LATEST TRANSACTION
- control field: 20230310113330.0
008 - FIXED-LENGTH DATA ELEMENTS
- fixed length control field: 230310|| aca||aabn | a|a d
040 ## - CATALOGING SOURCE
- Original cataloging agency: OSt
- Transcribing agency: OSt
150 ## - HEADING--TOPICAL TERM
- Topical term or geographic name entry element: Female labour force participation rate, Female workforce participation rate, North-eastern region, Female unemployment, NSSO, PLFS, NCO 2004.
670 ## - SOURCE DATA FOUND
- Source citation: Work cat.: (OSt): Bordoloi, Mridusmita and Bedamatta, Rajshree 36735, Gender gap in the labour market of India’s North-East: 2011–2012 to 2019–2020
